15 easy folktale finger plays, grades K-1 : (Record no. 103840)
[ view plain ]
| 000 -LEADER | |
|---|---|
| fixed length control field | 00493nam a2200157 a 4500 |
| 005 - DATE AND TIME OF LATEST TRANSACTION | |
| control field | 20140412111308.0 |
| 008 - FIXED-LENGTH DATA ELEMENTS--GENERAL INFORMATION | |
| fixed length control field | 010328s19uu xx 00 eng d |
| 020 ## - INTERNATIONAL STANDARD BOOK NUMBER | |
| International Standard Book Number | 0-590-96392-9 |
| 050 ## - LIBRARY OF CONGRESS CALL NUMBER | |
| Classification number | TR(GS 398.2 |
| Item number | G67 1997 |
| 100 ## - MAIN ENTRY--PERSONAL NAME | |
| Personal name | Gordh, Bill |
| 245 ## - TITLE STATEMENT | |
| Title | 15 easy folktale finger plays, grades K-1 : |
| Remainder of title | with cross-cultural activities / |
| Statement of responsibility, etc | by Bill Gordh. |
| 260 ## - PUBLICATION, DISTRIBUTION, ETC. (IMPRINT) | |
| Place of publication, distribution, etc | Jefferson City, MO : |
| Name of publisher, distributor, etc | Scholastic Professional Books, |
| Date of publication, distribution, etc | 1997. |
| 300 ## - PHYSICAL DESCRIPTION | |
| Extent | 80 p. |
| 650 ## - SUBJECT ADDED ENTRY--TOPICAL TERM | |
| Topical term or geographic name as entry element | Fingerplays |
| Withdrawn status | Lost status | Damaged status | Home library | Current library | Shelving location | Date acquired | Source of acquisition | Cost, normal purchase price | Total Checkouts | Full call number | Barcode | Date last seen | Price effective from | Koha item type |
|---|---|---|---|---|---|---|---|---|---|---|---|---|---|---|
| Elizalde Library | Elizalde Library | Teachers Reference Section | 03/28/2001 | 675.00 | TR(GS 398.2 G67 1997 | E5989 | 04/12/2014 | 04/12/2014 | Books |